Meilleurs buteurs de Liverpool - Statistiques

Statistiques générales
  • Ce quiz a été pris 132 fois
  • Le résultat moyen est 7 sur 20
Statistiques - réponses
Buts Nationalité Joueur % Correct
215 Égypte Mohamed Salah
99%
120 Sénégal Sadio Mané
94%
111 Brésil Roberto Firmino
86%
82 Uruguay Luis Suarez
79%
186 Angleterre Steven Gerrard
76%
81 Espagne Fernando Torres
63%
339 Pays de Galles Ian Rush
61%
170 Écosse Kenny Dalglish
57%
158 Angleterre Michael Owen
53%
183 Angleterre Robbie Fowler
18%
100 Angleterre Kevin Keegan
13%
107 Angleterre John Barnes
12%
117 Écosse Ian St. John
3%
96 Pays de Galles John Toshack
3%
262 Angleterre Roger Hunt
3%
180 Écosse Billy Liddell
2%
73 Angleterre Jimmy Melia
2%
74 Irlande Steve Heighway
2%
81 Angleterre Terry McDermott
2%
78 Angleterre David Johnson
1%
Aucun quiz correspondant
Distribution des résultats
% des personnes avec chaque résultat
Percentile par nombre de réponses
Votre historique - résultats
Vous n’avez pas pris ce quiz